Obchodovanie na peňažnom trhu eurozóny v podmienkach súčasnej globálnej krízy

Analýza obchodnej aktivity na peňažnom trhu eurozóny. Vplyv súčasnej globálnej krízy na jeho hlavné segmenty - trh nezabezpečených obchodov a zabezpečený repo trh. A to vzhľadom na okruh protistrán, dĺžku splatností a spôsob realizácie jednotlivých transakcií.

Enregistré dans:
Détails bibliographiques
Auteur principal: Malacká, Viera
Format: Chapitre de livre
Langue:slovaque
Sujets:
Tags: Ajouter un tag
Pas de tags, Soyez le premier à ajouter un tag!

MARC

LEADER 00000nla$a2200000$$$4500
001 0148845
005 20240502072658.4
041 0 |a slo 
044 |a SK 
245 1 0 |a Obchodovanie na peňažnom trhu eurozóny v podmienkach súčasnej globálnej krízy  |c Viera Malacká 
520 |a Analýza obchodnej aktivity na peňažnom trhu eurozóny. Vplyv súčasnej globálnej krízy na jeho hlavné segmenty - trh nezabezpečených obchodov a zabezpečený repo trh. A to vzhľadom na okruh protistrán, dĺžku splatností a spôsob realizácie jednotlivých transakcií. 
610 2 0 |a kríza finančná 
610 2 0 |a trh finančný 
610 2 0 |a banky 
610 2 0 |a repo obchody 
610 2 0 |a eurozóna 
100 1 |a Malacká, Viera